000 00221nam a2200097Ia 4500
008 240625s9999 xx 000 0 und d
041 _aeng
100 _aMICROSOFT
245 _aMICROSOFT OFFICE PROJECT 2007
260 _c2007
999 _c34345
_d34345